Best local approximation /

Bibliographic Details
Main Author: Su, Lo-Yung
Format: Thesis Book
Language:English
Published: [College Station, Tex.] : Su, 1979.
Subjects:
Online Access:Link to ProQuest copy
Link to OAKTrust copy

MARC

Tag First Indicator Second Indicator Subfields
LEADER 00000cam a2200000Ii 4500
001 in00000021200
005 20220104090756.0
008 800627s1979 txu bm 000 0 eng d
035 |9 AAD0812AM 
035 |a (OCoLC)06466771 
035 |a (OCoLC)6466771 
035 |a (OCoLC)ocm06466771 
040 |a TXA  |b eng  |c TXA  |d OCLCQ  |d OCLCF  |d OCLCO  |d OCLCQ  |d TXA 
049 |a TXAM 
050 4 |a QA297.5  |b .S9 
099 |a 1979  |a Dissertation  |a S939 
100 1 |a Su, Lo-Yung. 
245 1 0 |a Best local approximation / 
264 1 |a [College Station, Tex.] :  |b Su,  |c 1979. 
300 |a v, 70 leaves ;  |c 29 cm 
336 |a text  |b txt  |2 rdacontent 
337 |a unmediated  |b n  |2 rdamedia 
338 |a volume  |b nc  |2 rdacarrier 
500 |a "Major subject: Mathematics." 
500 |a Vita. 
502 |c Texas A & M University 
504 |a Includes bibliographical references (leaf 69). 
650 0 |a Numerical analysis. 
650 0 |a Polynomials. 
650 4 |a Major mathematics. 
650 7 |a Numerical analysis.  |2 fast  |0 (OCoLC)fst01041273 
650 7 |a Polynomials.  |2 fast  |0 (OCoLC)fst01070715 
655 7 |a Academic theses  |2 lcgft 
710 2 |a Texas A & M University,  |e degree granting institution. 
856 4 1 |u http://proxy.library.tamu.edu/login?url=http://proquest.umi.com/pqdweb?did=752364731&sid=1&Fmt=1&clientId=2945&RQT=309&VName=PQD  |z Link to ProQuest copy  |t 0 
856 4 1 |u https://hdl.handle.net/1969.1/DISSERTATIONS-35184  |z Link to OAKTrust copy  |t 0 
994 |a C0  |b TXA 
999 f f |s 455b2338-4a0c-3d51-b13e-2ac5a59a3216  |i 049cd021-382e-3dc2-a8be-8b5086fe46cf  |t 0 
952 f f |p noncirc  |a Texas A&M University  |b J.J. Pickle Campus  |c High Density Repository  |s HDR  |d Remote Storage  |t 0  |e 1979 Dissertation S939  |h Other scheme  |i unmediated -- volume  |m A14840997480 
952 f f |a Texas A&M University  |b College Station  |c Electronic Resources  |s www_evans  |d Available Online  |t 0  |e 1979 Dissertation S939  |h Other scheme 
998 f f |a 1979 Dissertation S939  |t 0  |l Available Online 
998 f f |a 1979 Dissertation S939  |t 0  |l Remote Storage